[Event "Online Olym Div3 A 2020"]
[Site "chess.com INT"]
[Date "2020.07.09"]
[Round "9.2"]
[Board "5"]
[White "Veleshnja, Zino"]
[Black "Kwong, Wing Ki"]
[Result "1-0"]
[WhiteElo "2287"]
[BlackElo "1876"]
[WhiteTeam "Albania"]
[BlackTeam "Hong Kong"]
[WhiteFideId "4701313"]
[BlackFideId "6002013"]
[EventDate "2020.07.07"]
[EventType "team"]

1. d4 Nf6 2. Bf4 g6 3. Nc3 Bg7 4. e4 O-O 5. Qd2 d5 6. e5 Ne4 7. Nxe4 dxe4 8. Bc4
c5 9. c3 Nc6 10. Ne2 cxd4 11. cxd4 Bg4 12. O-O Rc8 13. Rac1 Na5 14. Bb5 Rxc1 15.
Nxc1 a6 16. Be2 Be6 17. Rd1 Qd5 18. f3 Bf5 19. Qe3 Rd8 20. g4 Be6 21. fxe4 Qd7
22. d5 Bxg4 23. e6 Bxe6 24. dxe6 Qc8 25. exf7+ Kxf7 26. Rxd8 Qxd8 27. Qf3 Kg8
28. Qd3 Qb6+ 29. Be3 Qxb2 30. Qd8+ Kf7 31. Qxa5 1-0

[Event "Online Olym Div3 A 2020"]
[Site "chess.com INT"]
[Date "2020.07.09"]
[Round "9.2"]
[Board "6"]
[White "Feng, Eunice"]
[Black "Shuqja, Klean"]
[Result "1-0"]
[BlackTitle "WCM"]
[WhiteElo "1528"]
[BlackElo "1838"]
[WhiteTeam "Hong Kong"]
[BlackTeam "Albania"]
[WhiteFideId "331059520"]
[BlackFideId "4701585"]
[EventDate "2020.07.07"]
[EventType "team"]

1. e4 d5 2. exd5 Qxd5 3. Nc3 Qd8 4. d4 Nf6 5. Nf3 Bg4 6. Be2 e6 7. Be3 c6 8. Ne5
Bxe2 9. Qxe2 Nbd7 10. O-O-O Bb4 11. Bd2 O-O 12. Ne4 Bxd2+ 13. Rxd2 Qa5 14. Nxf6+
Nxf6 15. Kb1 Rad8 16. c3 Qd5 17. f3 Nd7 18. Rhd1 Qa5 19. f4 Qc7 20. g4 Rfe8 21.
Rd3 f6 22. Nxd7 Rxd7 23. Qe4 Rde7 24. Rh3 g6 25. g5 fxg5 26. fxg5 e5 27. d5 Qd6
28. Rhd3 cxd5 29. Rxd5 Qe6 30. Ka1 Qf5 31. Qc4 Kg7 32. h4 Qe6 33. Qe2 e4 34. Qe3
a6 35. Rd6 Qe5 36. Rf6 Re6 37. Rd7+ R8e7 38. Rxe6 Qxe6 39. Rd1 Qe5 40. a3 Re8
41. Re1 Re7 42. Kb1 Re8 43. Qd4 Re7 44. Qxe5+ Rxe5 45. Kc2 h6 46. gxh6+ Kxh6 47.
Kd2 Kh5 48. Rh1 Kg4 49. Ke3 b5 50. b3 Rc5 51. Kd4 Rc8 52. Rg1+ Kxh4 53. Rxg6 e3
54. Re6 Rd8+ 55. Kxe3 Kg5 56. Rxa6 Rc8 57. Kd2 Kf4 58. Rb6 Rc5 59. a4 bxa4 60.
bxa4 Ra5 61. Rb4+ Kf3 62. Kc2 Ke3 63. Rd4 Ra8 64. Rd7 Rxa4 65. Re7+ Kf4 66. Kb3
Ra8 67. c4 Rb8+ 68. Kc3 Kf5 69. c5 Kf6 70. Re1 Ra8 71. Kc4 Rb8 72. c6 Rb2 73.
Kc5 Rc2+ 74. Kd6 Rd2+ 75. Kc7 Rc2 76. Kd7 Rd2+ 77. Kc8 Rc2 78. c7 Rc3 79. Rb1
Ke7 80. Kb7 Kd7 81. Rd1+ Ke7 82. c8=Q Rxc8 83. Kxc8 1-0

[Event "Online Olym Div3 A 2020"]
[Site "chess.com INT"]
[Date "2020.07.09"]
[Round "9.3"]
[Board "1"]
[White "Ker, Anthony F"]
[Black "Eiti, Bashir"]
[Result "1/2-1/2"]
[WhiteTitle "IM"]
[BlackTitle "IM"]
[WhiteElo "2298"]
[BlackElo "2341"]
[WhiteTeam "New Zealand"]
[BlackTeam "Syria"]
[WhiteFideId "4300084"]
[BlackFideId "7601875"]
[EventDate "2020.07.07"]
[EventType "team"]

1. e4 Nc6 2. Nf3 d6 3. d4 e5 4. dxe5 Nxe5 5. Nxe5 dxe5 6. Qxd8+ Kxd8 7. Bc4 f6
8. Nc3 c6 9. Be3 Kc7 10. O-O-O Nh6 11. h3 b5 12. Bb3 Be7 13. f4 Bd6 14. f5 a5
15. a4 b4 16. Nb1 Nxf5 17. exf5 Bxf5 18. Nd2 Be7 19. g4 Bc8 20. Nc4 Ra6 21. Rhg1
h5 22. gxh5 Bf8 23. h6 g5 24. h4 gxh4 25. Rdf1 c5 26. Rg6 h3 27. Nd2 f5 28. Rxa6
Bxa6 29. Rxf5 Bxh6 30. Rh5 Bg7 31. Rxh8 Bxh8 32. Bg1 Bg7 33. Be6 Bc8 34. Bxc8
Kxc8 35. Nf3 e4 36. Nh2 Bd4 37. Bxd4 cxd4 38. Kd2 Kd7 39. Ke2 Ke6 40. Kf2 Kd5
41. b3 Ke5 42. Kg3 d3 43. cxd3 exd3 44. Nf3+ Ke4 45. Kf2 h2 46. Nxh2 Kd4 47.
Nf3+ Kc3 48. Ke3 Kxb3 49. Kxd3 Kxa4 50. Nd4 Ka3 51. Kc2 Ka2 52. Kc1 a4 53. Ne2
Ka1 54. Nc3 a3 55. Nb1 Ka2 56. Nd2 b3 57. Nxb3 Kxb3 58. Kb1 a2+ 59. Ka1 Ka3 1/2-1/2

[Event "Online Olym Div3 A 2020"]
[Site "chess.com INT"]
[Date "2020.07.09"]
[Round "9.3"]
[Board "2"]
[White "Hilwani, Talal"]
[Black "Duneas, John"]
[Result "1-0"]
[BlackTitle "FM"]
[WhiteElo "2274"]
[BlackElo "2147"]
[WhiteTeam "Syria"]
[BlackTeam "New Zealand"]
[WhiteFideId "7600410"]
[BlackFideId "4302052"]
[EventDate "2020.07.07"]
[EventType "team"]

1. Nf3 e6 2. c4 f5 3. g3 Nf6 4. Bg2 c6 5. O-O d5 6. d3 Bd6 7. Nc3 O-O 8. e4 fxe4
9. dxe4 Nxe4 10. Nxe4 dxe4 11. Ng5 Bc5 12. Qh5 h6 13. Nxe4 Bd4 14. Bf4 e5 15.
Bxh6 gxh6 16. Qg6+ Kh8 17. Qxh6+ Kg8 18. Qg6+ Kh8 19. Ng5 Qe7 20. Be4 Qg7 21.
Qh5+ Kg8 22. Bh7+ Kh8 23. Rae1 Nd7 24. Bf5+ Kg8 25. Be6+ Rf7 26. Bxf7+ 1-0

[Event "Online Olym Div3 A 2020"]
[Site "chess.com INT"]
[Date "2020.07.09"]
[Round "9.3"]
[Board "3"]
[White "Qin, Nicole Shu Yu"]
[Black "Mahmoud, Roula"]
[Result "1-0"]
[WhiteTitle "WCM"]
[BlackTitle "WFM"]
[WhiteElo "1629"]
[BlackElo "1771"]
[WhiteTeam "New Zealand"]
[BlackTeam "Syria"]
[WhiteFideId "4304306"]
[BlackFideId "7601263"]
[EventDate "2020.07.07"]
[EventType "team"]

1. d4 Nf6 2. c4 g6 3. Nc3 Bg7 4. e4 d6 5. Be2 O-O 6. Be3 c6 7. f3 a6 8. a4 a5 9.
Qd2 Na6 10. Bd1 Nb4 11. Nge2 Qc7 12. O-O e5 13. d5 Ne8 14. Na2 Nxa2 15. Rxa2 f5
16. exf5 gxf5 17. Bc2 Kh8 18. Kh1 Rg8 19. Rg1 Nf6 20. Nc3 Bd7 21. Raa1 Rac8 22.
Rac1 Rce8 23. Rcd1 c5 24. Rde1 Qd8 25. Re2 Nh5 26. Bf2 Bf6 27. Qe1 Bg5 28. g3
Qf6 29. Be3 f4 30. Ne4 Qh6 31. Nxg5 Rxg5 32. g4 fxe3 33. Rxe3 Nf4 34. Rg3 Qh4
35. b3 Reg8 36. Bd1 Nh5 37. Rg1 Qxe1 38. Rexe1 Nf4 39. Rg3 R5g6 40. Bc2 Rh6 41.
Rd1 Rh3 42. Rxh3 Nxh3 43. Kg2 Nf4+ 44. Kf2 e4 45. Bxe4 Re8 46. Re1 Kg7 47. Rd1
Kf6 48. Rd2 Kg5 49. Kg3 Ng6 50. h3 h5 51. Rf2 hxg4 52. hxg4 Bxg4 53. Bxg6 Bxf3
54. Bxe8 Bd1 55. Rb2 Kf6 56. Bd7 Ke5 57. Bg4 Bxg4 58. Kxg4 Kd4 59. Rf2 Kc3 60.
Rf3+ Kb4 61. Kf5 b5 62. axb5 a4 63. bxa4 Kxc4 64. b6 Kxd5 65. b7 Kc4 66. b8=Q d5
67. Qb5+ Kd4 68. Qd3# 1-0

[Event "Online Olym Div3 A 2020"]
[Site "chess.com INT"]
[Date "2020.07.09"]
[Round "9.3"]
[Board "4"]
[White "Yazji, Mada"]
[Black "Chang, Yolanda"]
[Result "1-0"]
[WhiteElo "1704"]
[BlackElo "1305"]
[WhiteTeam "Syria"]
[BlackTeam "New Zealand"]
[WhiteFideId "7602065"]
[BlackFideId "4309332"]
[EventDate "2020.07.07"]
[EventType "team"]

1. e4 e5 2. Nf3 Nc6 3. d4 exd4 4. Nxd4 Bc5 5. Be3 Nxd4 6. Bxd4 Bxd4 7. Qxd4 Nf6
8. Bc4 d6 9. O-O O-O 10. Nc3 Re8 11. Rad1 Bg4 12. f3 Bh5 13. Ne2 Qe7 14. Nf4 a6
15. a4 Rad8 16. Nd5 Nxd5 17. Qxd5 Qe6 18. Qd3 Qe5 19. Qb3 Qc5+ 20. Kh1 Qa7 21.
Rd5 Bg6 22. Rg5 Kf8 23. h4 h6 24. Rxg6 fxg6 25. Bg8 Re7 26. Bh7 Ke8 27. Bxg6+
Kd7 28. Bf5+ Kc6 29. Qd5+ Kb6 30. a5# 1-0

[Event "Online Olym Div3 A 2020"]
[Site "chess.com INT"]
[Date "2020.07.09"]
[Round "9.3"]
[Board "5"]
[White "Gong, Daniel Hanwen"]
[Black "Koniahli, Malek."]
[Result "1-0"]
[WhiteTitle "FM"]
[BlackTitle "FM"]
[WhiteElo "2240"]
[BlackElo "2261"]
[WhiteTeam "New Zealand"]
[BlackTeam "Syria"]
[WhiteFideId "4303962"]
[BlackFideId "7603495"]
[EventDate "2020.07.07"]
[EventType "team"]

1. d4 Nf6 2. Bf4 d5 3. e3 e6 4. Nf3 Bd6 5. Bg3 c5 6. c3 Qc7 7. Ne5 Nc6 8. f4 Ne4
9. Nd2 Nxd2 10. Qxd2 f6 11. Nd3 b6 12. Be2 O-O 13. O-O Bd7 14. Bf3 Rae8 15. Kh1
Kh8 16. Rae1 c4 17. Nf2 f5 18. Bh4 Be7 19. Bxe7 Nxe7 20. Rg1 Rg8 21. Nh3 Ref8
22. Qf2 Be8 23. Ng5 Rf6 24. g4 Rgf8 25. Rg3 fxg4 26. Bxg4 e5 27. Ne6 Rxe6 28.
Bxe6 exf4 29. exf4 Rxf4 30. Qg2 Bg6 31. Bxd5 Qd6 32. Bxc4 Qf6 33. Qa8+ 1-0

[Event "Online Olym Div3 A 2020"]
[Site "chess.com INT"]
[Date "2020.07.09"]
[Round "9.4"]
[Board "1"]
[White "Nam, Kanghyeon"]
[Black "Delaney, Killian"]
[Result "1/2-1/2"]
[BlackTitle "FM"]
[WhiteElo "1596"]
[BlackElo "2314"]
[WhiteTeam "South Korea"]
[BlackTeam "Ireland"]
[WhiteFideId "13208810"]
[BlackFideId "2501570"]
[EventDate "2020.07.07"]
[EventType "team"]

1. d4 d5 2. e3 c5 3. Nf3 cxd4 4. exd4 Nc6 5. c3 Bf5 6. Bd3 Bxd3 7. Qxd3 e6 8.
O-O Bd6 9. Re1 Nf6 10. Bg5 h6 11. Bh4 g5 12. Bg3 Bxg3 13. hxg3 Ne4 14. Nfd2 f5
15. g4 O-O 16. f3 Nxd2 17. Nxd2 Qf6 18. gxf5 exf5 19. Nb3 Rfe8 20. Nc5 b6 21.
Nd7 Qf7 22. Ne5 Nxe5 23. Rxe5 Rxe5 24. dxe5 Rd8 25. Re1 Qe6 26. Qa6 Rd7 27. Qd3
Kg7 28. Qd4 Re7 29. f4 gxf4 30. Qxf4 Kh7 31. Qf3 Rg7 32. Re2 Rg4 33. Qd3 h5 34.
Qf3 Kh6 35. Kf1 Kg5 36. Ke1 h4 37. Kd2 d4 38. a3 Rg3 39. Qb7 dxc3+ 40. bxc3 Qa2+
41. Ke1 Qa1+ 42. Kf2 Qxc3 43. Qg7+ Kh5 44. Qh7+ Kg5 45. Qg7+ Kh5 46. Qh7+ Kg5
47. Qg7+ 1/2-1/2

[Event "Online Olym Div3 A 2020"]
[Site "chess.com INT"]
[Date "2020.07.09"]
[Round "9.4"]
[Board "2"]
[White "Jessel, Stephen"]
[Black "Kim, Inguh"]
[Result "1-0"]
[WhiteTitle "FM"]
[BlackTitle "CM"]
[WhiteElo "2297"]
[BlackElo "1900"]
[WhiteTeam "Ireland"]
[BlackTeam "South Korea"]
[WhiteFideId "628859"]
[BlackFideId "13201204"]
[EventDate "2020.07.07"]
[EventType "team"]

1. Nf3 d5 2. c4 e6 3. g3 Nf6 4. Bg2 Be7 5. O-O O-O 6. b3 Nbd7 7. Bb2 c6 8. Qc2
b6 9. d4 Bb7 10. Nc3 Rc8 11. e4 Nxe4 12. Nxe4 dxe4 13. Qxe4 Nf6 14. Qe2 c5 15.
Rfd1 Qc7 16. dxc5 Bxc5 17. Ne5 Rfd8 18. Ng4 Nxg4 19. Qxg4 Bf8 20. Bf6 Rxd1+ 21.
Rxd1 Bxg2 22. Kxg2 Kh8 23. Bb2 Rd8 24. Rxd8 Qxd8 25. Qf3 Kg8 26. Bc1 Bc5 27. Qb7
a5 28. Bf4 h6 29. h4 Qd4 30. Be3 Qd6 31. Qc8+ Qf8 32. Qxf8+ Kxf8 33. Kf3 Ke7 34.
h5 Bxe3 35. Kxe3 g6 36. hxg6 fxg6 37. f4 Kf6 38. Ke4 g5 39. a3 g4 40. b4 axb4
41. axb4 h5 42. Kd4 Ke7 43. Ke3 Kd6 44. Ke4 Ke7 45. f5 Kf6 46. fxe6 Kxe6 47. Kf4
Kf6 48. c5 b5 49. Ke4 Ke6 50. Kd4 1-0

[Event "Online Olym Div3 A 2020"]
[Site "chess.com INT"]
[Date "2020.07.09"]
[Round "9.4"]
[Board "3"]
[White "Seo, Jiwon"]
[Black "O'Gorman, Alice"]
[Result "0-1"]
[WhiteElo "1407"]
[BlackElo "1904"]
[WhiteTeam "South Korea"]
[BlackTeam "Ireland"]
[WhiteFideId "13208969"]
[BlackFideId "2508214"]
[EventDate "2020.07.07"]
[EventType "team"]

1. e4 e5 2. Nf3 Nf6 3. Nxe5 d6 4. Nf3 Nxe4 5. d3 Nf6 6. Nc3 Be7 7. Be2 O-O 8.
O-O d5 9. d4 Bf5 10. Bd3 Bg4 11. h3 Bh5 12. Bf4 a6 13. Be5 Nc6 14. Be2 Bg6 15.
Bd3 Bh5 16. Be2 Re8 17. Re1 Ne4 18. Nd2 Bxe2 19. Qxe2 Nxc3 20. bxc3 Nxe5 21.
dxe5 Bc5 22. Qg4 Re6 23. Nf3 Qe7 24. Re2 Re8 25. Rae1 Bb6 26. Qf4 Ba5 27. Re3
Qc5 28. Ng5 R6e7 29. e6 f6 30. Nf3 Bxc3 31. R1e2 Qc6 32. Nd4 Bxd4 33. Qxd4 Rxe6
34. Rxe6 Rxe6 35. Rxe6 Qxe6 36. Qc5 Qc6 37. Qa7 Kf7 38. Qe3 Qxc2 39. Qb3 Qxb3
40. axb3 c5 41. Kf1 b5 42. Ke2 c4 43. bxc4 dxc4 44. Kd2 Ke6 45. Kc3 a5 46. g3
Kd5 47. f3 b4+ 48. Kc2 a4 49. g4 Kd4 50. f4 c3 51. h4 b3+ 52. Kc1 a3 53. g5 fxg5
54. fxg5 Kd3 55. h5 c2 56. g6 b2# 0-1

[Event "Online Olym Div3 A 2020"]
[Site "chess.com INT"]
[Date "2020.07.09"]
[Round "9.4"]
[Board "4"]
[White "Miller, Ioana"]
[Black "Kim, Taegyeong"]
[Result "1-0"]
[WhiteTitle "WFM"]
[BlackTitle "WCM"]
[WhiteElo "2185"]
[BlackElo "1523"]
[WhiteTeam "Ireland"]
[BlackTeam "South Korea"]
[WhiteFideId "1202260"]
[BlackFideId "13200976"]
[EventDate "2020.07.07"]
[EventType "team"]

1. e4 Nf6 2. e5 Nd5 3. d4 d6 4. c4 Nb6 5. exd6 cxd6 6. Nc3 Nc6 7. Be3 g6 8. Rc1
Bg7 9. b3 O-O 10. d5 Ne5 11. Be2 e6 12. f4 Ned7 13. dxe6 fxe6 14. Qxd6 Nf6 15.
Qxd8 Rxd8 16. Nh3 Bd7 17. O-O Bc6 18. Ng5 Re8 19. Nf3 Ne4 20. Nxe4 Bxe4 21. Ng5
Bc6 22. Bg4 Bd7 23. Rcd1 Rad8 24. a4 h6 25. Nxe6 Rb8 26. Bxb6 Bxe6 27. Bxe6+
Rxe6 28. Bxa7 Rbe8 29. Bf2 Re4 30. Rfe1 R4e7 31. Rxe7 Rxe7 32. c5 Rc7 33. b4 Bc3
34. b5 Bb4 35. Rd5 Kf8 36. Kf1 Ke7 37. Ke2 Ke6 38. Re5+ Kf7 39. Kd3 Kf6 40. Kc4
Ba3 41. c6 bxc6 42. b6 Rb7 43. a5 Bb2 44. Rc5 Bc1 45. Rxc6+ Kf5 46. a6 Rb8 47.
a7 Re8 48. b7 Re4+ 49. Kd5 Bxf4 50. g4+ Kxg4 51. Kxe4 g5 52. a8=Q h5 53. Qc8# 1-0

[Event "Online Olym Div3 A 2020"]
[Site "chess.com INT"]
[Date "2020.07.09"]
[Round "9.4"]
[Board "5"]
[White "Noh, Jinwoo"]
[Black "Venkatesan, Kavin"]
[Result "0-1"]
[WhiteElo "1476"]
[BlackElo "1946"]
[WhiteTeam "South Korea"]
[BlackTeam "Ireland"]
[WhiteFideId "13211307"]
[BlackFideId "2512602"]
[EventDate "2020.07.07"]
[EventType "team"]

1. e4 c5 2. Nf3 a6 3. d4 cxd4 4. Nxd4 Nf6 5. Nc3 e5 6. Nf3 Nc6 7. Bg5 Bb4 8. Bd3
Qa5 9. Bd2 Qb6 10. O-O d6 11. h3 O-O 12. Be3 Qc7 13. Na4 b5 14. Nb6 Rb8 15. Nd5
Nxd5 16. exd5 Ne7 17. a3 Bc5 18. b4 Bxe3 19. fxe3 f5 20. e4 f4 21. Rc1 Rf6 22.
c4 bxc4 23. Rxc4 Qd8 24. Qc2 Rg6 25. Kh2 Rg3 26. Rc1 Bd7 27. Rc7 Bxh3 28. gxh3
Rxf3 29. Rg1 Ng6 30. Bxa6 Qh4 31. Rc8+ Nf8 32. Rxf8+ Rxf8 0-1

[Event "Online Olym Div3 A 2020"]
[Site "chess.com INT"]
[Date "2020.07.09"]
[Round "9.5"]
[Board "1"]
[White "Tran, Thanh Tu"]
[Black "Tin, Jingyao"]
[Result "1/2-1/2"]
[WhiteTitle "CM"]
[BlackTitle "IM"]
[WhiteElo "2346"]
[BlackElo "2464"]
[WhiteTeam "Japan"]
[BlackTeam "Singapore"]
[WhiteFideId "12401404"]
[BlackFideId "5804418"]
[EventDate "2020.07.07"]
[EventType "team"]

1. Nc3 e5 2. Nf3 Nc6 3. d3 d5 4. g3 Nf6 5. Bg2 Be7 6. O-O O-O 7. e4 dxe4 8. Nxe4
Nxe4 9. dxe4 Qxd1 10. Rxd1 Be6 11. a3 Rfd8 12. Be3 f6 13. h3 Na5 14. Nd2 c5 15.
Bf1 b6 16. f4 exf4 17. gxf4 Rac8 18. b3 g6 19. Kg2 c4 20. b4 Nb7 21. Nf3 Nd6 22.
Nd4 Bf7 23. e5 fxe5 24. fxe5 Nf5 25. Nxf5 gxf5 26. Be2 Be6 27. Rxd8+ Rxd8 28.
Rd1 Rxd1 29. Bxd1 Bd5+ 30. Kg3 Kf7 31. c3 Ke6 32. Bd4 Bg5 33. a4 Bd2 34. b5 Be1+
35. Kf4 Bd2+ 36. Kg3 Be1+ 37. Kf4 Bd2+ 38. Kg3 1/2-1/2

[Event "Online Olym Div3 A 2020"]
[Site "chess.com INT"]
[Date "2020.07.09"]
[Round "9.5"]
[Board "2"]
[White "Liu, Xiangyi"]
[Black "Watanabe, Akira"]
[Result "1-0"]
[WhiteTitle "IM"]
[BlackTitle "FM"]
[WhiteElo "2377"]
[BlackElo "2284"]
[WhiteTeam "Singapore"]
[BlackTeam "Japan"]
[WhiteFideId "8605718"]
[BlackFideId "7000227"]
[EventDate "2020.07.07"]
[EventType "team"]

1. e4 c5 2. Nf3 e6 3. g3 d5 4. e5 Nc6 5. Bg2 Qc7 6. Qe2 g6 7. O-O Bg7 8. Re1
Nge7 9. c3 c4 10. b3 Na5 11. bxc4 Nxc4 12. d3 Na5 13. h4 h5 14. Ba3 Nf5 15. c4
dxc4 16. Nc3 Bd7 17. Rac1 Bf8 18. Bb2 b5 19. Ne4 O-O-O 20. Nfd2 Bc6 21. dxc4 b4
22. Nd6+ Kb8 23. N2e4 Nxd6 24. exd6 Bxd6 25. Nxd6 Qxd6 26. Be5 1-0

[Event "Online Olym Div3 A 2020"]
[Site "chess.com INT"]
[Date "2020.07.09"]
[Round "9.5"]
[Board "3"]
[White "Sakai, Azumi"]
[Black "Gong, Qianyun"]
[Result "0-1"]
[WhiteTitle "WCM"]
[BlackTitle "WGM"]
[WhiteElo "1731"]
[BlackElo "2333"]
[WhiteTeam "Japan"]
[BlackTeam "Singapore"]
[WhiteFideId "7001800"]
[BlackFideId "8602425"]
[EventDate "2020.07.07"]
[EventType "team"]

1. d4 Nf6 2. c4 e6 3. Nf3 b6 4. a3 Bb7 5. Nc3 g6 6. Qc2 Bg7 7. e4 d6 8. Be2 O-O
9. O-O Nbd7 10. Be3 a6 11. Rad1 Qe7 12. b4 Rfc8 13. Rfe1 a5 14. Bg5 axb4 15.
axb4 h6 16. Be3 Kh7 17. Ra1 Ng4 18. Bd2 c5 19. bxc5 bxc5 20. d5 exd5 21. exd5
Rxa1 22. Rxa1 Re8 23. Bd3 Nde5 24. Re1 Nxf3+ 25. gxf3 Ne5 26. Kg2 Qh4 27. Ne4
Bc8 28. Nxd6 Qh3+ 29. Kh1 Nxf3 0-1

[Event "Online Olym Div3 A 2020"]
[Site "chess.com INT"]
[Date "2020.07.09"]
[Round "9.5"]
[Board "4"]
[White "Fang, Kun"]
[Black "Hoshino, Karen"]
[Result "1-0"]
[BlackTitle "WFM"]
[WhiteElo "1639"]
[BlackElo "1836"]
[WhiteTeam "Singapore"]
[BlackTeam "Japan"]
[WhiteFideId "5819660"]
[BlackFideId "2137984"]
[EventDate "2020.07.07"]
[EventType "team"]

1. e4 c5 2. Nf3 d6 3. d4 cxd4 4. Nxd4 Nf6 5. Nc3 a6 6. Be2 e5 7. Nb3 Be7 8. Be3
Be6 9. Nd5 Bxd5 10. exd5 Nbd7 11. c4 Rc8 12. O-O O-O 13. f3 Nh5 14. Qd2 f5 15.
Na5 Qc7 16. b4 Nhf6 17. Rac1 f4 18. Bf2 Bd8 19. a3 Qb8 20. Nb3 e4 21. Qxf4 exf3
22. Qxf3 Ne5 23. Qe3 Bc7 24. Qd4 Rce8 25. Rfe1 Qc8 26. Bg3 Kh8 27. c5 Qf5 28.
Nd2 Qg6 29. Nc4 Nxc4 30. Bxc4 dxc5 31. bxc5 Bxg3 32. hxg3 Rxe1+ 33. Rxe1 Qxg3
34. Qe3 Qh4 35. Qe7 Qd4+ 36. Kh1 Qh4+ 37. Kg1 Qd4+ 38. Kh1 Rg8 39. Ba2 Qh4+ 40.
Kg1 Qd4+ 41. Qe3 Qh4 42. Qe7 Qd4+ 43. Qe3 Qh4 44. Rf1 h6 45. d6 Ng4 46. Qh3 Qg5
47. Bxg8 Qxc5+ 48. Kh1 Nf2+ 49. Rxf2 Qxf2 50. Be6 Qf1+ 51. Kh2 Qf4+ 52. Qg3 Qf6
53. d7 1-0

[Event "Online Olym Div3 A 2020"]
[Site "chess.com INT"]
[Date "2020.07.09"]
[Round "9.5"]
[Board "5"]
[White "Nakahara, Kan"]
[Black "Advait, Bagri"]
[Result "1/2-1/2"]
[WhiteTitle "CM"]
[BlackTitle "CM"]
[WhiteElo "2095"]
[BlackElo "2242"]
[WhiteTeam "Japan"]
[BlackTeam "Singapore"]
[WhiteFideId "7002556"]
[BlackFideId "5820391"]
[EventDate "2020.07.07"]
[EventType "team"]

1. e4 e5 2. Nf3 Nc6 3. Bb5 a6 4. Ba4 Nf6 5. O-O Be7 6. Re1 b5 7. Bb3 d6 8. c3
O-O 9. h3 Na5 10. Bc2 c5 11. d4 Qc7 12. Nbd2 Be6 13. d5 Bd7 14. Nf1 Nc4 15. Ng3
Rfc8 16. Nh4 g6 17. Nf3 Ne8 18. Nh2 Ng7 19. Rf1 Bh4 20. Nf3 Be7 21. Nh2 Rf8 22.
b3 Nb6 23. f4 exf4 24. Bxf4 Bf6 25. Qf3 Be5 26. Bxe5 dxe5 27. Ng4 Bxg4 28. hxg4
f6 29. Kf2 c4 30. b4 a5 31. a3 Nc8 32. Ke2 Nd6 33. Qe3 Rf7 34. Kd2 Qa7 35. Qc5
Nge8 36. a4 Rc7 37. Qxa7 Rcxa7 38. axb5 axb4 39. Rxa7 Rxa7 40. cxb4 Nxb5 41. Rc1
Nd4 42. Ne2 Ra2 43. Kd1 Nd6 44. Nc3 Rb2 45. b5 N4xb5 46. Nxb5 Rxb5 47. Kd2 Ra5
48. Rb1 Ra2 49. Kc3 Ra3+ 50. Kb4 Re3 51. Kc5 Nxe4+ 52. Bxe4 Rxe4 53. d6 Rd4 54.
Kc6 Kg7 55. Rb7+ Kh6 56. d7 Kg5 57. Rb8 Kxg4 58. d8=Q Rxd8 59. Rxd8 Kg3 60. Rd2
f5 61. Kd5 c3 62. Rc2 e4 63. Ke5 h5 64. Re2 h4 65. Rc2 e3 66. Rxc3 Kxg2 67. Rxe3
h3 68. Re2+ Kf3 69. Ra2 f4 70. Ra3+ Kg4 71. Ra2 g5 72. Ke4 f3 73. Rf2 Kg3 74.
Rxf3+ Kg2 75. Ra3 h2 76. Ra2+ Kh3 77. Ra1 g4 78. Kf4 g3 79. Ra8 Kg2 80. Ra2+ Kh3
81. Ra8 Kg2 82. Ra2+ Kh3 83. Ra8 1/2-1/2

[Event "Online Olym Div3 A 2020"]
[Site "chess.com INT"]
[Date "2020.07.09"]
[Round "9.5"]
[Board "6"]
[White "Rice, Lauren"]
[Black "Hoshino, Meilin"]
[Result "0-1"]
[BlackTitle "WCM"]
[WhiteElo "1514"]
[BlackElo "1591"]
[WhiteTeam "Singapore"]
[BlackTeam "Japan"]
[WhiteFideId "5824591"]
[BlackFideId "7001690"]
[EventDate "2020.07.07"]
[EventType "team"]

1. d4 d5 2. c4 dxc4 3. Nf3 Nf6 4. Nc3 a6 5. Qa4+ b5 6. Qc2 e6 7. a4 c6 8. axb5
cxb5 9. Nxb5 axb5 10. Rxa8 Ba6 11. b3 Bb4+ 12. Bd2 Bxd2+ 13. Nxd2 Qb6 14. Ne4
cxb3 15. Nxf6+ gxf6 16. Rxb8+ Qxb8 17. Qc6+ Kf8 18. Qxa6 Qc7 19. Qa3+ Kg7 20. f3
Qc2 21. Qd6 b2 22. Qg3+ Qg6 23. Kf2 b1=Q 24. e3 Ra8 25. Bd3 Qxd3 26. Re1 Ra2+
27. Kg1 Qxg3 28. hxg3 Qd2 29. Re2 Qxe2 30. d5 Qxg2# 0-1